[Event "CZE-chT2D 1920"]
[Site "Czech Republic"]
[Date "2020.01.26"]
[Round "7.3"]
[White "Hlavacek, Robert"]
[Black "Sucharda, David"]
[Result "1-0"]
[WhiteElo "2137"]
[BlackElo "2047"]
[PlyCount "63"]
[EventDate "2019.10.13"]
[EventType "team-tourn"]
[EventRounds "11"]
[EventCountry "CZE"]
[SourceTitle "EXT 2024"]
[Source "ChessBase"]
[SourceDate "2023.10.10"]
[SourceVersion "1"]
[SourceVersionDate "2023.10.10"]
[SourceQuality "1"]
[WhiteTeam "Chrudim"]
[BlackTeam "Lipa"]
[WhiteTeamCountry "CZE"]
[BlackTeamCountry "CZE"]

1. d4 Nf6 2. c4 e5 3. dxe5 Ng4 4. Nf3 Bc5 5. e3 Nc6 6. Be2 0-0 7. 0-0 Ngxe5 8. Nc3 Nxf3+ 9. Bxf3 Ne5 10. Be2 Re8 11. a3 a5 12. Rb1 d6 13. b4 Ba7 14. Nb5 Bb8 15. Nd4 c5 16. Nf3 Bf5 17. Rb3 Qc7 18. bxc5 dxc5 19. Nxe5 Qxe5 20. f4 Qe7 21. Bd3 a4 22. Rc3 Be4 23. Bxe4 Qxe4 24. Qc2 Bc7 25. Qxe4 Rxe4 26. Rd1 Rae8 27. Rd5 b6 28. Kf2 Kf8 29. Kf3 g6 30. g4 h6 31. Rd7 Bd8 32. Rxd8 1-0

[Event "CZE-chT2D 1920"]
[Site "Czech Republic"]
[Date "2019.12.15"]
[Round "5.4"]
[White "Sucharda, David"]
[Black "Tuma, Jiri"]
[Result "0-1"]
[WhiteElo "2047"]
[BlackElo "2256"]
[PlyCount "68"]
[EventDate "2019.10.13"]
[EventType "team-tourn"]
[EventRounds "11"]
[EventCountry "CZE"]
[SourceTitle "EXT 2024"]
[Source "ChessBase"]
[SourceDate "2023.10.10"]
[SourceVersion "1"]
[SourceVersionDate "2023.10.10"]
[SourceQuality "1"]
[WhiteTeam "Lipa"]
[BlackTeam "Chotebor"]
[WhiteTeamCountry "CZE"]
[BlackTeamCountry "CZE"]

1. d4 Nf6 2. Bf4 g6 3. Nc3 d5 4. e3 Bg7 5. h4 h5 6. Nf3 c5 7. Nb5 Na6 8. Be2 0-0 9. c3 Bd7 10. Ne5 Bxb5 11. Bxb5 Qb6 12. Bxa6 Qxa6 13. Qe2 Qe6 14. 0-0 Ne4 15. f3 Nd6 16. Rae1 Nf5 17. Qf2 Rad8 18. Nd3 b6 19. Be5 Bxe5 20. Nxe5 Kg7 21. Nd3 Qd6 22. e4 dxe4 23. fxe4 Nh6 24. e5 Qc7 25. Nf4 cxd4 26. cxd4 Ng4 27. Qf3 Qc4 28. d5 Qd4+ 29. Kh1 Nxe5 30. Qg3 Ng4 31. Rxe7 Kg8 32. Qf3 Qf6 33. Qe2 Qxh4+ 34. Nh3 Qg3 0-1

[Event "CZE-chT2C 1819"]
[Site "Czech Republic"]
[Date "2019.03.31"]
[Round "11.5"]
[White "Vitak, Jiri"]
[Black "Sucharda, David"]
[Result "1-0"]
[WhiteElo "2064"]
[BlackElo "2055"]
[PlyCount "113"]
[EventDate "2018.10.14"]
[EventType "team-tourn"]
[EventRounds "11"]
[EventCountry "CZE"]
[SourceTitle "EXT 2022"]
[Source "ChessBase"]
[SourceDate "2021.10.06"]
[SourceVersion "1"]
[SourceVersionDate "2021.10.06"]
[SourceQuality "1"]
[WhiteTeam "Liberec Desko"]
[BlackTeam "Jicin"]
[WhiteTeamCountry "CZE"]
[BlackTeamCountry "CZE"]

1. d4 d5 2. c4 Nc6 3. Nf3 Bg4 4. Nc3 e6 5. cxd5 exd5 6. Bg5 Be7 7. Bxe7 Ngxe7 8. e3 0-0 9. a3 f5 10. g3 Qd6 11. Bg2 Rae8 12. Qd3 Bxf3 13. Bxf3 Nd8 14. b4 Ne6 15. 0-0 Ng5 16. Bg2 Rf6 17. f4 Ne4 18. Nxe4 fxe4 19. Qb3 Nf5 20. Bh3 h5 21. Bxf5 Rxf5 22. Qa4 Re7 23. Qxa7 b6 24. Qa6 Kh7 25. Rac1 Ref7 26. Qe2 Qh6 27. h3 g5 28. Rf2 gxf4 29. gxf4 Rg7+ 30. Kh2 Rf8 31. b5 Rf6 32. Rg1 Rfg6 33. Rfg2 Rxg2+ 34. Rxg2 Rxg2+ 35. Qxg2 Qf6 36. Qc2 Qg7 37. Qe2 Kh6 38. Qf2 Qe7 39. Qg3 Qxa3 40. Qg5+ Kh7 41. Qxh5+ Kg7 42. Qe5+ Kh6 43. Qh8+ Kg6 44. Qe8+ Kg7 45. Qd7+ Kh6 46. Qc6+ Kg7 47. Qxc7+ Kf8 48. Qd8+ Kg7 49. Qg5+ Kf8 50. Qf6+ Kg8 51. Qd8+ Kg7 52. Qg5+ Kf8 53. f5 Qa2+ 54. Kg3 Qe2 55. Kf4 Qxb5 56. Qd8+ Kf7 57. Ke5 1-0

[Event "CZE-chT2C 1819"]
[Site "Czech Republic"]
[Date "2019.02.10"]
[Round "8.4"]
[White "Sucharda, David"]
[Black "Juptner, Jan"]
[Result "0-1"]
[WhiteElo "2055"]
[BlackElo "2244"]
[PlyCount "116"]
[EventDate "2018.10.14"]
[EventType "team-tourn"]
[EventRounds "11"]
[EventCountry "CZE"]
[SourceTitle "EXT 2022"]
[Source "ChessBase"]
[SourceDate "2021.10.06"]
[SourceVersion "1"]
[SourceVersionDate "2021.10.06"]
[SourceQuality "1"]
[WhiteTeam "Jicin"]
[BlackTeam "Lysa nad Labem III"]
[WhiteTeamCountry "CZE"]
[BlackTeamCountry "CZE"]

1. d4 Nf6 2. c4 e6 3. Nf3 d5 4. g3 Bb4+ 5. Bd2 Be7 6. Bg2 0-0 7. 0-0 b6 8. cxd5 exd5 9. Nc3 Bb7 10. Ne5 Na6 11. Qa4 Qe8 12. Qb3 Rd8 13. Nb5 Ne4 14. Bf4 c6 15. Nxa7 b5 16. Rac1 Rd6 17. Bxe4 dxe4 18. d5 cxd5 19. Qxb5 Qa8 20. Nec6 Bxc6 21. Nxc6 Rd7 22. Nxe7+ Rxe7 23. Bd6 Rb7 24. Qxd5 Rd8 25. Qe5 Rbd7 26. Bc7 Re8 27. Qf4 Nb4 28. Qg4 Rd5 29. a3 Nc6 30. Rfd1 Nd4 31. Rxd4 h5 32. Qxe4 Rxe4 33. Rxe4 Rd2 34. Rb4 Qd5 35. Bf4 Rxe2 36. Be3 g5 37. Rd4 Qf3 38. Rd2 h4 39. gxh4 gxh4 40. h3 Rxd2 41. Bxd2 Qxh3 42. Rc3 Qg4+ 43. Kh2 Qe2 44. Be3 f5 45. Rc8+ Kf7 46. Rc7+ Ke6 47. Rg7 Qxb2 48. Rg6+ Kf7 49. Rg5 Qe5+ 50. Kh3 Qe4 51. Kh2 Kf6 52. Rg8 Qd5 53. Rh8 Qc4 54. Re8 Qg4 55. Rh8 Ke7 56. Rh7+ Kf6 57. Rh6+ Ke5 58. Rh8 Ke4 0-1

[Event "Pobeskydy op"]
[Site "Frydek Mistek"]
[Date "2018.03.30"]
[Round "3"]
[White "Leite Oralova, Catarina"]
[Black "Sucharda, David"]
[Result "1-0"]
[WhiteElo "2134"]
[BlackElo "2047"]
[PlyCount "75"]
[EventDate "2018.03.29"]
[EventType "swiss"]
[EventRounds "9"]
[EventCountry "CZE"]
[SourceTitle "CBM 183 Extra"]
[Source "ChessBase"]
[SourceDate "2018.04.19"]
[SourceVersion "1"]
[SourceVersionDate "2018.04.19"]
[SourceQuality "1"]

1. e4 e6 2. d4 d5 3. Nd2 Nf6 4. e5 Nfd7 5. Bd3 c5 6. c3 Nc6 7. Ne2 cxd4 8. cxd4 f6 9. exf6 Nxf6 10. Nf3 Bd6 11. 0-0 0-0 12. Bg5 Bd7 13. Rc1 e5 14. Rxc6 bxc6 15. dxe5 Be7 16. exf6 Bxf6 17. Bxf6 Qxf6 18. Qc2 Qh6 19. Ne5 Rad8 20. Nd4 Rf6 21. Qc5 Rd6 22. Nxd7 R6xd7 23. Qxc6 Qd2 24. Qc2 Qxc2 25. Bxc2 Rb8 26. Bb3 Rb4 27. Rd1 Kf8 28. Kf1 g6 29. f3 Rb6 30. Ke2 Ke7 31. Kd3 Kd6 32. Ne2 Ke5 33. Nc3 d4 34. Re1+ Kf5 35. Ne2 Rbd6 36. Ng3+ Kf4 37. Ne4 Rb6 38. Nc5 1-0

[Event "CZE-chT2B 1718"]
[Site "Czech Republic"]
[Date "2018.01.28"]
[Round "7.5"]
[White "Sucharda, David"]
[Black "Stursa, Jan"]
[Result "1-0"]
[WhiteElo "2089"]
[BlackElo "2065"]
[PlyCount "51"]
[EventDate "2017.10.15"]
[EventType "team-tourn"]
[EventRounds "11"]
[EventCountry "CZE"]
[SourceTitle "EXT 2022"]
[Source "ChessBase"]
[SourceDate "2021.10.06"]
[SourceVersion "1"]
[SourceVersionDate "2021.10.06"]
[SourceQuality "1"]
[WhiteTeam "Jicin"]
[BlackTeam "Bakov nad Jizerou"]
[WhiteTeamCountry "CZE"]
[BlackTeamCountry "CZE"]

1. d4 Nf6 2. c4 g6 3. Nc3 d5 4. cxd5 Nxd5 5. e4 Nxc3 6. bxc3 Bg7 7. Nf3 0-0 8. Bc4 c5 9. 0-0 Nc6 10. Be3 Bg4 11. e5 cxd4 12. cxd4 Qd7 13. h3 Bxf3 14. Qxf3 Nxd4 15. Qe4 Ne6 16. Bd5 Rad8 17. Bxb7 Qc7 18. Rac1 Qa5 19. f4 Rd7 20. a4 Rfd8 21. Bc6 Rd3 22. Bb5 R3d5 23. Bc4 R5d7 24. f5 Nc5 25. Bxf7+ Kxf7 26. Rxc5 1-0

[Event "CZE-chT2B 1718"]
[Site "Czech Republic"]
[Date "2017.10.15"]
[Round "1.6"]
[White "Sucharda, David"]
[Black "Ta, Van Duy"]
[Result "1-0"]
[WhiteElo "2089"]
[BlackElo "2059"]
[PlyCount "107"]
[EventDate "2017.10.15"]
[EventType "team-tourn"]
[EventRounds "11"]
[EventCountry "CZE"]
[SourceTitle "EXT 2022"]
[Source "ChessBase"]
[SourceDate "2021.10.06"]
[SourceVersion "1"]
[SourceVersionDate "2021.10.06"]
[SourceQuality "1"]
[WhiteTeam "Jicin"]
[BlackTeam "Teplice"]
[WhiteTeamCountry "CZE"]
[BlackTeamCountry "CZE"]

1. d4 Nf6 2. c4 g6 3. Nc3 Bg7 4. e4 d6 5. Nf3 0-0 6. h3 Nbd7 7. Be3 c5 8. e5 Ne8 9. exd6 exd6 10. dxc5 Qa5 11. cxd6 Bxc3+ 12. bxc3 Qxc3+ 13. Bd2 Qf6 14. Rb1 Nxd6 15. Be2 Nc5 16. 0-0 Bf5 17. Bg5 Qe6 18. Nd4 Qe5 19. Nxf5 Nxf5 20. Bf3 Nd4 21. Be3 Nxf3+ 22. Qxf3 b6 23. Rb5 Rac8 24. a4 Qc3 25. Rc1 Qa3 26. Qf6 Ne4 27. Qd4 f5 28. Rd5 Rce8 29. Bh6 Rf7 30. a5 bxa5 31. c5 Qb4 32. Rd8 Nf6 33. Rxe8+ Nxe8 34. Qd8 Qe4 35. c6 Rc7 36. Bd2 Rxc6 37. Re1 Rd6 38. Qc8 Rxd2 39. Rxe4 Rd1+ 40. Kh2 fxe4 41. Qxe8+ Kg7 42. Qxe4 Rd7 43. Qe5+ Kf7 44. Qxa5 Re7 45. g4 h6 46. h4 Kg7 47. Qa6 Kf7 48. h5 gxh5 49. gxh5 Re6 50. Qxa7+ Kf6 51. Kg3 Re7 52. Qb8 Rg7+ 53. Kf4 Rg5 54. Qd8+ 1-0

[Event "Pobeskydy op"]
[Site "Frydek Mistek"]
[Date "2017.04.13"]
[Round "2"]
[White "Sucharda, David"]
[Black "Shilov, Sergej"]
[Result "0-1"]
[WhiteElo "1945"]
[BlackElo "2167"]
[PlyCount "52"]
[EventDate "2017.04.13"]
[EventType "swiss"]
[EventRounds "9"]
[EventCountry "CZE"]
[SourceTitle "CBM 177 Extra"]
[Source "ChessBase"]
[SourceDate "2017.04.27"]
[SourceVersion "1"]
[SourceVersionDate "2017.04.27"]
[SourceQuality "1"]

1. d4 d6 2. c4 e5 3. e3 Nc6 4. Nc3 g6 5. Be2 Bg7 6. Nf3 Nge7 7. 0-0 0-0 8. d5 Nb8 9. Rb1 a5 10. a3 h6 11. b4 Nd7 12. Qc2 f5 13. Rd1 g5 14. c5 g4 15. Ne1 axb4 16. axb4 Nf6 17. Bc4 Ng6 18. Nd3 Nh5 19. Nb2 Nh4 20. Bd3 e4 21. Be2 Nf3+ 22. Kh1 Qh4 23. Bxf3 gxf3 24. g3 Qh3 25. Rg1 Nf6 26. Ne2 Ng4 0-1

[Event "CZE-chT U18 Extraliga Ost 1617"]
[Site "Czech Republic"]
[Date "2016.12.03"]
[Round "5.3"]
[White "Sucharda, David"]
[Black "Grundman, Vaclav"]
[Result "1-0"]
[WhiteElo "2020"]
[BlackElo "2113"]
[PlyCount "63"]
[EventDate "2016.10.01"]
[EventType "team-tourn"]
[EventRounds "11"]
[EventCountry "CZE"]
[SourceTitle "EXT 2022"]
[Source "ChessBase"]
[SourceDate "2021.10.06"]
[SourceVersion "1"]
[SourceVersionDate "2021.10.06"]
[SourceQuality "1"]
[WhiteTeam "Jicin U18"]
[BlackTeam "Polabiny U18"]
[WhiteTeamCountry "CZE"]
[BlackTeamCountry "CZE"]

1. d4 Nf6 2. c4 c5 3. d5 e6 4. Nc3 exd5 5. cxd5 d6 6. Nf3 g6 7. Bf4 a6 8. a4 Bg7 9. e4 0-0 10. Bd3 Bg4 11. h3 Bxf3 12. Qxf3 Qc7 13. 0-0 Nbd7 14. Kh1 Rab8 15. Qe2 Nh5 16. Bh2 Ne5 17. f4 Nxd3 18. Qxd3 c4 19. Qe3 b5 20. axb5 axb5 21. Ra7 Qb6 22. Qxb6 Rxb6 23. e5 Re8 24. g4 dxe5 25. fxe5 Bxe5 26. Re1 b4 27. Na4 Rb5 28. Rxe5 Rxe5 29. Bxe5 f6 30. d6 Rb8 31. d7 fxe5 32. Rc7 1-0

[Event "CZE-ch U18/U20 sf"]
[Site "Kovarska"]
[Date "2016.11.16"]
[Round "5"]
[White "Novotny, Martin"]
[Black "Sucharda, David"]
[Result "0-1"]
[WhiteElo "1851"]
[BlackElo "2006"]
[PlyCount "92"]
[EventDate "2016.11.13"]
[EventType "swiss"]
[EventRounds "9"]
[EventCountry "CZE"]
[SourceTitle "EXT 2022"]
[Source "ChessBase"]
[SourceDate "2021.10.06"]
[SourceVersion "1"]
[SourceVersionDate "2021.10.06"]
[SourceQuality "1"]

1. d4 f5 2. c4 Nf6 3. Nc3 g6 4. h4 Bg7 5. h5 d6 6. h6 Bf8 7. Bg5 Nbd7 8. Nf3 e6 9. e4 Be7 10. exf5 exf5 11. Bd3 0-0 12. Qe2 Re8 13. 0-0-0 Ne4 14. Bxe7 Qxe7 15. Rhe1 Ndf6 16. Nd2 Nxc3 17. Qxe7 Rxe7 18. Rxe7 Nxd1 19. Kxd1 Bd7 20. Nf3 Re8 21. Rg7+ Kf8 22. Ng5 Re7 23. Rxe7 Kxe7 24. f3 Be6 25. Kd2 c5 26. d5 Bg8 27. Ke3 Nd7 28. f4 b5 29. b3 b4 30. Be2 Nf6 31. Bf3 Bf7 32. Kf2 Be8 33. Kg3 a5 34. Kf2 a4 35. Kg3 a3 36. Kf2 Bd7 37. Ke3 Kf8 38. Kf2 Kg8 39. Kg3 Be8 40. Ne6 Ba4 41. Bd1 Ne4+ 42. Kf3 Nd2+ 43. Ke2 Bxb3 44. Kxd2 Bxd1 45. Kc1 Be2 46. Nc7 Bxc4 0-1

[Event "CZE-ch U18/U20 sf"]
[Site "Kovarska"]
[Date "2016.11.13"]
[Round "1"]
[White "Hollan, Petr"]
[Black "Sucharda, David"]
[Result "1-0"]
[WhiteElo "2295"]
[BlackElo "2006"]
[PlyCount "59"]
[EventDate "2016.11.13"]
[EventType "swiss"]
[EventRounds "9"]
[EventCountry "CZE"]
[SourceTitle "EXT 2022"]
[Source "ChessBase"]
[SourceDate "2021.10.06"]
[SourceVersion "1"]
[SourceVersionDate "2021.10.06"]
[SourceQuality "1"]

1. e4 e6 2. d4 d5 3. Nd2 Nf6 4. Bd3 c5 5. e5 Nfd7 6. c3 Nc6 7. Ngf3 Be7 8. 0-0 Qb6 9. Qe2 cxd4 10. cxd4 Nxd4 11. Nxd4 Qxd4 12. Nf3 Qb6 13. Be3 Bc5 14. Rac1 Bxe3 15. fxe3 f5 16. exf6 Nxf6 17. Ng5 0-0 18. Nxh7 Bd7 19. Nxf8 Rxf8 20. Kh1 Bc6 21. b3 e5 22. e4 d4 23. Bc4+ Kh8 24. Rf5 Be8 25. Rxe5 Qc7 26. Rf5 b5 27. e5 Bg6 28. exf6 Bxf5 29. Qh5+ Bh7 30. Qxh7+ 1-0

[Event "CZE-chT2B 1617"]
[Site "Czech Republic"]
[Date "2016.10.30"]
[Round "2.2"]
[White "Sucharda, David"]
[Black "Sejkora, Vlastimil"]
[Result "0-1"]
[WhiteElo "1945"]
[BlackElo "2152"]
[PlyCount "50"]
[EventDate "2016.10.09"]
[EventType "team-tourn"]
[EventRounds "11"]
[EventCountry "CZE"]
[SourceTitle "EXT 2022"]
[Source "ChessBase"]
[SourceDate "2021.10.06"]
[SourceVersion "1"]
[SourceVersionDate "2021.10.06"]
[SourceQuality "1"]
[WhiteTeam "Horice"]
[BlackTeam "Decin"]
[WhiteTeamCountry "CZE"]
[BlackTeamCountry "CZE"]

1. d4 g6 2. c4 Nf6 3. Nc3 Bg7 4. e4 d6 5. Nf3 0-0 6. h3 e5 7. d5 Na6 8. Be3 Nh5 9. g3 Qe8 10. Be2 f5 11. exf5 gxf5 12. Nh4 Nf6 13. Qd2 f4 14. gxf4 exf4 15. Bd4 Ne4 16. Nxe4 Qxe4 17. Rg1 Rf7 18. 0-0-0 f3 19. Qg5 Bf5 20. Nxf5 fxe2 21. Nh6+ Kf8 22. Bxg7+ Ke8 23. Bf6 exd1Q+ 24. Rxd1 Nb4 25. Rd2 Qxc4+ 0-1

[Event "CZE-chT U18 Extraliga Ost 1617"]
[Site "Czech Republic"]
[Date "2016.10.02"]
[Round "4.3"]
[White "Mrkus, Frantisek"]
[Black "Sucharda, David"]
[Result "1/2-1/2"]
[WhiteElo "2015"]
[BlackElo "2020"]
[PlyCount "117"]
[EventDate "2016.10.01"]
[EventType "team-tourn"]
[EventRounds "11"]
[EventCountry "CZE"]
[SourceTitle "EXT 2022"]
[Source "ChessBase"]
[SourceDate "2021.10.06"]
[SourceVersion "1"]
[SourceVersionDate "2021.10.06"]
[SourceQuality "1"]
[WhiteTeam "Stare Mesto U18"]
[BlackTeam "Jicin U18"]
[WhiteTeamCountry "CZE"]
[BlackTeamCountry "CZE"]

1. e4 e6 2. d4 d5 3. Nc3 Nf6 4. Bg5 dxe4 5. Nxe4 Nbd7 6. Nf3 h6 7. Nxf6+ Nxf6 8. Bh4 Be7 9. Bd3 0-0 10. 0-0 b6 11. Bxf6 Bxf6 12. Be4 Ba6 13. Re1 Rc8 14. c3 Qd6 15. Qa4 b5 16. Qa5 Qb6 17. Qxb6 axb6 18. Bc6 Rfd8 19. a4 b4 20. cxb4 Bc4 21. a5 bxa5 22. bxa5 Ba6 23. b4 Rb8 24. Reb1 Bb5 25. Bxb5 Rxb5 26. a6 Kf8 27. Rc1 Rxb4 28. Rxc7 Bxd4 29. Nxd4 Rbxd4 30. g3 Ke8 31. a7 Ra8 32. Rb7 Rd7 33. Rb8+ Rd8 34. Rb6 Rd7 35. Rba6 Ke7 36. Kg2 Rd6 37. Kf3 Rd4 38. Ke3 Rd7 39. f4 h5 40. Ke4 g6 41. Ke5 Rd5+ 42. Ke4 Rd7 43. R1a5 f6 44. Kf3 Rd3+ 45. Ke2 Rd7 46. Ra3 Kf7 47. Kf3 Rc7 48. Ke4 Rd7 49. Ra2 Ke7 50. h3 Kf7 51. R2a5 Ke7 52. g4 hxg4 53. hxg4 Kf7 54. Ra2 f5+ 55. gxf5 gxf5+ 56. Ke3 Kf6 57. Kf3 Rd3+ 58. Kf2 Rd4 59. R2a4 1/2-1/2

[Event "EU-ch U18 26th"]
[Site "Prague"]
[Date "2016.08.27"]
[Round "9"]
[White "Scott, Luke"]
[Black "Sucharda, David"]
[Result "1/2-1/2"]
[WhiteElo "2001"]
[BlackElo "2051"]
[PlyCount "93"]
[EventDate "2016.08.18"]
[EventType "swiss"]
[EventRounds "9"]
[EventCountry "CZE"]
[SourceTitle "CBM 174 Extra"]
[Source "ChessBase"]
[SourceDate "2016.10.10"]
[SourceVersion "1"]
[SourceVersionDate "2016.10.10"]
[SourceQuality "1"]

1. d4 Nf6 2. c4 e6 3. Nf3 d5 4. Nc3 Nbd7 5. Bf4 c6 6. h3 Be7 7. e3 dxc4 8. Bxc4 b5 9. Bd3 a6 10. 0-0 0-0 11. Rc1 c5 12. Qe2 Bb7 13. Rfd1 c4 14. Bc2 Rc8 15. e4 b4 16. Nb1 Qa5 17. Nbd2 Qb5 18. b3 c3 19. Nc4 Nb6 20. Bd3 Nxc4 21. Bxc4 Qa5 22. d5 exd5 23. exd5 Rfe8 24. Qd3 Bc5 25. Ng5 Rcd8 26. d6 Rf8 27. Rc2 h6 28. Nxf7 Rxf7 29. Qg6 Bd5 30. Rxd5 Nxd5 31. Qe6 Rdd7 32. Qe8+ Kh7 33. Bd3+ g6 34. Be5 Qd8 35. Qe6 Qg8 36. Qxd5 Bb6 37. Re2 Bd8 38. Bc4 Bg5 39. Qc6 Qf8 40. Bxf7 Qxf7 41. f4 Bd8 42. Qxa6 Qd5 43. Qc8 Bb6+ 44. Kh2 Rd8 45. Qa6 Bc5 46. Rc2 Ra8 47. Qe2 1/2-1/2

[Event "EU-ch U18 26th"]
[Site "Prague"]
[Date "2016.08.25"]
[Round "7"]
[White "Rajic, Ivan"]
[Black "Sucharda, David"]
[Result "1-0"]
[WhiteElo "1922"]
[BlackElo "2051"]
[PlyCount "83"]
[EventDate "2016.08.18"]
[EventType "swiss"]
[EventRounds "9"]
[EventCountry "CZE"]
[SourceTitle "CBM 174 Extra"]
[Source "ChessBase"]
[SourceDate "2016.10.10"]
[SourceVersion "1"]
[SourceVersionDate "2016.10.10"]
[SourceQuality "1"]

1. d4 Nf6 2. c4 g6 3. Nc3 Bg7 4. Nf3 0-0 5. e4 d6 6. Be2 e5 7. d5 a5 8. 0-0 Na6 9. Ne1 Nc5 10. f3 Nh5 11. Nd3 b6 12. Be3 f5 13. a3 Nf6 14. b4 axb4 15. axb4 Rxa1 16. Qxa1 Nb3 17. Qb2 Nd4 18. c5 bxc5 19. bxc5 Ba6 20. c6 fxe4 21. fxe4 Qb8 22. Qa2 Qb3 23. Qxb3 Nxb3 24. Nc1 Nxc1 25. Bxa6 Nb3 26. Bd3 Nd4 27. Bxd4 exd4 28. Nb5 Rf7 29. h3 Re7 30. g4 g5 31. Re1 h5 32. Nxd4 hxg4 33. Ne6 Bh6 34. Rf1 Rf7 35. hxg4 Ne8 36. Rf5 Rxf5 37. gxf5 Kf7 38. Be2 Ke7 39. Kg2 Nf6 40. Nxc7 Nxe4 41. Ne6 Nc3 42. c7 1-0

[Event "CZE-chT U20 Extraliga final-B 1415"]
[Site "Czech Republic"]
[Date "2015.04.25"]
[Round "10.3"]
[White "Sucharda, David"]
[Black "Hruza, Dominik"]
[Result "1-0"]
[WhiteElo "1825"]
[BlackElo "1635"]
[PlyCount "61"]
[EventDate "2014.10.11"]
[EventType "team-tourn"]
[EventRounds "11"]
[EventCountry "CZE"]
[SourceTitle "EXT 2021"]
[Source "ChessBase"]
[SourceDate "2020.10.23"]
[SourceVersion "1"]
[SourceVersionDate "2020.10.23"]
[SourceQuality "1"]
[WhiteTeam "Hradec Kralove Ortex (U20)"]
[BlackTeam "Brno Lokomotiva (U20) II"]
[WhiteTeamCountry "CZE"]
[BlackTeamCountry "CZE"]

1. d4 d5 2. c4 e6 3. Nc3 Nf6 4. Bg5 Be7 5. e3 0-0 6. Qc2 h6 7. Bh4 b6 8. cxd5 exd5 9. Bd3 c5 10. dxc5 bxc5 11. Bxf6 Bxf6 12. Nxd5 Bxb2 13. Rb1 Ba3 14. Be4 Nc6 15. Ne2 Be6 16. Ndc3 Rc8 17. Bxc6 Rxc6 18. Qa4 Bf5 19. Rd1 Qa8 20. Qxa3 Rg6 21. Nf4 Rxg2 22. Ncd5 Rg5 23. h4 Rg4 24. f3 Rxf4 25. exf4 Re8+ 26. Kf2 Qb8 27. Qb3 Qd6 28. Rhe1 Be6 29. Nf6+ gxf6 30. Rxd6 Bxb3 31. Rxe8+ 1-0